| 000 | 00576nam a2200169 i 4500 | ||
|---|---|---|---|
| 001 | 79657 | ||
| 003 | ES-MaACL | ||
| 005 | 20230906174026.0 | ||
| 007 | t| | ||
| 008 | 041022s1982 sp ||||1| spa d | ||
| 100 | 1 |
_aHerrera García, Antonio. _963220 |
|
| 245 | 1 | 0 |
_aSignos externos de riqueza y de pobreza de un hidalgo sevillano de la época de Murillo / _cAntonio Herrera García. |
| 260 |
_aSevilla : _b[s.n.], _c1982. |
||
| 300 |
_ap. 193-205 ; _c24 cm. |
||
| 500 | _aEs separata de: "Archivo Hispalense", nº 165, p.193-205. | ||
| 852 |
_aES-MaACL _j2125-F-24 _bR.103966 |
||
| 999 |
_c79657 _d79657 |
||